[Event "Sparkassen-Open B"]
[Site "Heusenstamm, Martinsee"]
[Date "2018.11.24"]
[Round "4.5"]
[White "Burow, Roger"]
[Black "Bigott, Martin"]
[Result "0-1"]
[WhiteElo "1675"]
[BlackElo "1752"]
[PlyCount "54"]
[EventDate "2018.??.??"]
[WhiteTeam "SV Kelsterbach"]
[BlackTeam "SF Lohmar"]

1. e4 Nf6 2. Nc3 e6 3. d4 d5 4. exd5 exd5 5. Nf3 Bb4 6. Bd3 Qe7+ 7. Be3 Ng4 8.
Qe2 Nxe3 9. fxe3 O-O 10. O-O Be6 11. e4 c6 12. e5 c5 13. a3 Bxc3 14. bxc3 c4
15. Bxh7+ Kxh7 16. Nd2 Rh8 17. Rf4 Nd7 18. Raf1 Kg8 19. Nxc4 dxc4 20. Qe4 Nb6
21. a4 Nd5 22. R4f3 Qh4 23. Qxh4 Rxh4 24. h3 Rd8 25. Kh2 Nxc3 26. Rxc3 Rhxd4
27. Rg3 Rd2 0-1

[Event "Sparkassen-Open B"]
[Site "Heusenstamm, Martinsee"]
[Date "2018.11.24"]
[Round "4.7"]
[White "Gräf, Jakob"]
[Black "Hegel, Jonas"]
[Result "1/2-1/2"]
[WhiteElo "1520"]
[BlackElo "1741"]
[PlyCount "66"]
[EventDate "2018.??.??"]
[WhiteTeam "SV Frankfurt Nord"]
[BlackTeam "SC Peiting"]

1. e4 e6 2. g3 d5 3. e5 c5 4. c3 Nc6 5. d4 Qa5 6. Be3 cxd4 7. Bxd4 Nxd4 8. Qxd4
Bc5 9. Qd2 Qc7 10. Nf3 Ne7 11. Bb5+ Nc6 12. O-O a6 13. Bxc6+ bxc6 14. b4 Be7
15. Qe3 a5 16. bxa5 Qxa5 17. Nbd2 c5 18. Nb3 Qc7 19. Rfb1 O-O 20. Rb2 Bb7 21.
Rab1 Rfb8 22. Nc1 Ba6 23. Nd3 Rxb2 24. Rxb2 Bb7 25. Qc1 Qc6 26. Qb1 Ra7 27. Rb6
Qc7 28. Qb5 g6 29. a4 Qc8 30. h4 Kg7 31. Nf4 Bd8 32. Rd6 Be7 33. Rb6 Bd8
1/2-1/2

[Event "Sparkassen-Open B"]
[Site "Heusenstamm, Martinsee"]
[Date "2018.11.24"]
[Round "4.8"]
[White "Björknes, Uwe"]
[Black "Hoppstädter, Daniel"]
[Result "1-0"]
[WhiteElo "1740"]
[BlackElo "1274"]
[PlyCount "61"]
[EventDate "2018.??.??"]
[WhiteTeam "SK Bad Homburg"]
[BlackTeam "Kirkel"]

1. e4 e6 2. c4 Nc6 3. d4 Nf6 4. e5 Ng8 5. Nf3 d5 6. Nc3 Bb4 7. Bg5 f6 8. exf6
Nxf6 9. Bd3 Bd7 10. O-O Bxc3 11. bxc3 Qe7 12. cxd5 exd5 13. Re1 Be6 14. c4 Qd7
15. Bf5 Nd8 16. Ne5 Qd6 17. Bxf6 gxf6 18. Qh5+ Ke7 19. Ng6+ hxg6 20. Qxh8 gxf5
21. Re2 Rb8 22. Rae1 c6 23. c5 Qd7 24. Rxe6+ Nxe6 25. Qxb8 Kf7 26. Qh8 Ng7 27.
h4 Kg6 28. Qf8 Qf7 29. Qd6 Ne8 30. Qd8 Ng7 31. Re7 1-0

[Event "Sparkassen-Open B"]
[Site "Heusenstamm, Martinsee"]
[Date "2018.11.24"]
[Round "4.9"]
[White "König, Frank"]
[Black "Jagadeesh, Balakrishnan"]
[Result "0-1"]
[WhiteElo "1719"]
[BlackElo "1657"]
[PlyCount "96"]
[EventDate "2018.??.??"]
[WhiteTeam "SV Steinhausen"]
[BlackTeam "Singapore"]
[BlackTeamCountry "SIN"]

1. d4 Nf6 2. Nf3 c5 3. e3 cxd4 4. exd4 d5 5. Bd3 Nc6 6. c3 g6 7. Bg5 Bg7 8. O-O
O-O 9. h3 Bf5 10. Bb5 Rc8 11. Na3 a6 12. Be2 Qb6 13. Bc1 Rfe8 14. Nc2 Bxc2 15.
Qxc2 Nxd4 16. Nxd4 Qxd4 17. Be3 Qe5 18. Bf3 Qc7 19. Rfe1 b5 20. Qb3 e6 21. a4
Qc4 22. Qa3 Bf8 23. Qa2 Qxa2 24. Rxa2 b4 25. cxb4 Bxb4 26. Re2 a5 27. Bd2 Bxd2
28. Rxd2 Rc1+ 29. Kh2 Rec8 30. b3 Rb8 31. Rab2 Rc3 32. Bd1 Ne4 33. Rdc2 d4 34.
f3 d3 35. fxe4 dxc2 36. Bxc2 e5 37. Kg1 Rd8 38. Bb1 Rd1+ 39. Kh2 Rcc1 40. Ba2
Rd4 41. Bb1 Kg7 42. Kg3 Kf6 43. Rf2+ Ke7 44. Rb2 Kd6 45. Kf3 Kc5 46. Ba2 Kb4
47. Re2 h5 48. Kg3 Rf1 0-1

[Event "Sparkassen-Open B"]
[Site "Heusenstamm, Martinsee"]
[Date "2018.11.24"]
[Round "4.10"]
[White "Floren, Dieter"]
[Black "Goodwin, David"]
[Result "1-0"]
[WhiteElo "1715"]
[BlackElo "1549"]
[PlyCount "85"]
[EventDate "2018.??.??"]
[WhiteTeam "Hamburger SK"]
[BlackTeam "SV Kelsterbach"]

1. e4 g6 2. d4 Bg7 3. Nc3 d6 4. f4 a6 5. Nf3 Nd7 6. e5 dxe5 7. fxe5 e6 8. Be3
b5 9. Bd3 Bb7 10. Qe2 Ne7 11. Be4 Nd5 12. Nxd5 exd5 13. Bd3 O-O 14. O-O Re8 15.
Qd2 c5 16. dxc5 Nxe5 17. Nxe5 Bxe5 18. Qf2 Qc7 19. c3 Bxh2+ 20. Kh1 Bg3 21. Bf4
Qxf4 22. Qxf4 Bxf4 23. Rxf4 Re5 24. Raf1 Rf8 25. Rf6 Re3 26. Rd1 Bc8 27. a4 Be6
28. axb5 axb5 29. Bxb5 Ra8 30. Bc6 Ra2 31. Bxd5 Rxb2 32. Bxe6 fxe6 33. c6 Rxc3
34. Rxe6 Rcc2 35. Rd7 Rb8 36. c7 Rxc7 37. Rxc7 Rf8 38. Ree7 Rf6 39. Rg7+ Kf8
40. Rxh7 Kg8 41. Rhd7 g5 42. Rd8+ Rf8 43. Rxf8+ 1-0

[Event "Sparkassen-Open B"]
[Site "Heusenstamm, Martinsee"]
[Date "2018.11.24"]
[Round "4.11"]
[White "Lohia, Sohum"]
[Black "Zerhusen, Martin"]
[Result "1-0"]
[WhiteElo "1562"]
[BlackElo "1711"]
[PlyCount "59"]
[EventDate "2018.??.??"]
[WhiteTeam "Wetherby"]
[BlackTeam "SV Oberursel"]

1. e4 c5 2. Nc3 d6 3. f4 Nc6 4. Nf3 g6 5. Bc4 Bg7 6. O-O e6 7. d4 Nxd4 8. Be3
Nxf3+ 9. Qxf3 Ne7 10. f5 gxf5 11. exf5 Bxc3 12. fxe6 Bxe6 13. Bb5+ Kf8 14. bxc3
Nf5 15. Bf4 a6 16. Bd3 Nh4 17. Bh6+ Ke8 18. Qg3 Ng6 19. Rae1 Kd7 20. Bf5 Re8
21. Bxe6+ fxe6 22. Rd1 e5 23. Rf7+ Kc6 24. Qd3 d5 25. Rdf1 Re6 26. Rxh7 Qb6 27.
c4 Rd8 28. Rff7 Qb1+ 29. Kf2 d4 30. Qe4+ 1-0

[Event "Sparkassen-Open B"]
[Site "Heusenstamm, Martinsee"]
[Date "2018.11.24"]
[Round "4.12"]
[White "Kosak, Matjaz"]
[Black "Leach, Julien"]
[Result "1-0"]
[WhiteElo "1786"]
[BlackElo "1635"]
[PlyCount "129"]
[EventDate "2018.??.??"]
[WhiteTeam "SV Frankfurt Nord"]
[BlackTeam "SC Bad Soden"]

1. e4 c5 2. Nc3 Nc6 3. f4 e6 4. Bc4 g6 5. Nf3 Bg7 6. O-O Nge7 7. d3 O-O 8. Qe1
a6 9. f5 exf5 10. Qh4 b5 11. Ng5 h6 12. Nxf7 Rxf7 13. Bxf7+ Kxf7 14. Bxh6 Qh8
15. Bg5 Qxh4 16. Bxh4 Bf6 17. Bxf6 Kxf6 18. exf5 gxf5 19. Ne4+ Kg6 20. Nd6 Nb4
21. Rf2 a5 22. Re1 Ra6 23. Nxc8 Nxc8 24. a3 Nc6 25. Re3 N8e7 26. Rg3+ Kf7 27.
Rg5 Ne5 28. g4 Rg6 29. Rxg6 Kxg6 30. gxf5+ Nxf5 31. Rg2+ Kf7 32. Kf2 c4 33. d4
Nxd4 34. Ke3 Ndc6 35. Ke4 Ke6 36. h4 d5+ 37. Kf4 d4 38. h5 Kf6 39. h6 d3 40. h7
Nf7 41. cxd3 cxd3 42. Ke3 Nce5 43. Rg8 b4 44. axb4 axb4 45. b3 Ke7 46. Rb8 Kf6
47. h8=Q+ Nxh8 48. Rxh8 Ke6 49. Rb8 Kd6 50. Rxb4 Kd5 51. Rb5+ Kd6 52. Ke4 Nf7
53. Rd5+ Kc6 54. Rxd3 Kc5 55. Rd7 Ng5+ 56. Kd3 Kc6 57. Rg7 Nf3 58. Kc4 Ne5+ 59.
Kb4 Nd3+ 60. Ka5 Nc5 61. Rg6+ Kc7 62. b4 Nb3+ 63. Ka6 Nd4 64. b5 Nb3 65. b6+
1-0

[Event "Sparkassen-Open B"]
[Site "Heusenstamm, Martinsee"]
[Date "2018.11.24"]
[Round "4.13"]
[White "Sacher, Dieter"]
[Black "Kirchmann, Sascha"]
[Result "1/2-1/2"]
[WhiteElo "1617"]
[BlackElo "1774"]
[PlyCount "65"]
[EventDate "2018.??.??"]
[WhiteTeam "SV Neu-Isenburg"]
[BlackTeam "SC Obertshausen"]

1. f4 d5 2. Nf3 c5 3. e3 g6 4. Bb5+ Bd7 5. Qe2 a6 6. Bxd7+ Nxd7 7. O-O Bg7 8.
c3 Ngf6 9. d3 Qc7 10. d4 O-O 11. Nbd2 Rac8 12. Ne5 Ne8 13. Nxd7 Qxd7 14. Nf3 f6
15. Bd2 Nd6 16. Be1 Ne4 17. Nd2 f5 18. Bf2 e6 19. Rfc1 b5 20. Nxe4 fxe4 21. Be1
Rc6 22. b4 cxb4 23. cxb4 Rfc8 24. Rc5 Bf8 25. Rac1 Bxc5 26. bxc5 Qc7 27. Qd2 a5
28. a3 Ra6 29. Rb1 Rb8 30. f5 Qd7 31. fxe6 Rxe6 32. Bg3 Rb7 33. Qa2 1/2-1/2

[Event "Sparkassen-Open B"]
[Site "Heusenstamm, Martinsee"]
[Date "2018.11.24"]
[Round "4.14"]
[White "Lasschuit, Rene"]
[Black "Schwegler, Jelena"]
[Result "1-0"]
[WhiteElo "1738"]
[BlackElo "1496"]
[PlyCount "93"]
[EventDate "2018.??.??"]
[WhiteTeam "SV Berolina Mitte"]
[BlackTeam "SK Bad Homburg"]

1. d4 Nf6 2. Nf3 g6 3. c4 Bg7 4. Nc3 O-O 5. e4 d6 6. h3 Nbd7 7. e5 Ne8 8. exd6
cxd6 9. Be3 Nc7 10. Be2 e5 11. O-O f5 12. Bg5 Qe8 13. Qd2 Nf6 14. Rfe1 Ne4 15.
Nxe4 fxe4 16. Nh2 Qf7 17. Be3 exd4 18. Bxd4 Bd7 19. Rac1 Ne6 20. Be3 Bc6 21. f3
exf3 22. Bxf3 Bxf3 23. Nxf3 Nf4 24. Rf1 Nh5 25. b3 Ng3 26. Rfe1 Nf5 27. Bf2 Qc7
28. Rcd1 a6 29. Nd4 Nxd4 30. Bxd4 Bxd4+ 31. Qxd4 Qc5 32. Qxc5 dxc5 33. Rd7 b5
34. Ree7 Rfd8 35. Rxh7 Rxd7 36. Rxd7 Rb8 37. Rd6 Kg7 38. cxb5 axb5 39. Rc6 c4
40. bxc4 bxc4 41. Rxc4 Rb1+ 42. Kh2 Ra1 43. Ra4 Kf6 44. Kg3 Kg5 45. Ra5+ Kf6
46. Kg4 Rg1 47. g3 1-0

[Event "Sparkassen-Open B"]
[Site "Heusenstamm, Martinsee"]
[Date "2018.11.24"]
[Round "4.15"]
[White "Becker, Ralph"]
[Black "Bayer, Melissa"]
[Result "1-0"]
[WhiteElo "1745"]
[BlackElo "1497"]
[PlyCount "61"]
[EventDate "2018.??.??"]
[WhiteTeam "SC Paimar"]
[BlackTeam "SC Heusenstamm"]

1. Nf3 d5 2. c4 e6 3. g3 Nf6 4. Bg2 Be7 5. O-O O-O 6. d4 Nbd7 7. b3 Re8 8. Bb2
b6 9. Nc3 c5 10. cxd5 Nxd5 11. e4 Nxc3 12. Bxc3 Nf6 13. Qe2 Bb7 14. e5 Nd5 15.
Bb2 Rc8 16. Rac1 Nb4 17. Rfd1 cxd4 18. Rxc8 Qxc8 19. Nxd4 Bxg2 20. Kxg2 Nxa2
21. Qf3 Nb4 22. Nb5 a6 23. Rc1 Bc5 24. Nd6 Qd7 25. Nxe8 Qxe8 26. Ba3 Nd3 27.
Qxd3 Bxa3 28. Ra1 Bb2 29. Rxa6 Bxe5 30. Qe4 Bb8 31. Qb7 1-0

[Event "Sparkassen-Open B"]
[Site "Heusenstamm, Martinsee"]
[Date "2018.11.24"]
[Round "4.16"]
[White "John, Volkmar"]
[Black "Bayer, Oliver"]
[Result "1-0"]
[WhiteElo "1737"]
[BlackElo "1497"]
[PlyCount "123"]
[EventDate "2018.??.??"]
[WhiteTeam "SK Herborn"]
[BlackTeam "SC Heusenstamm"]

1. Nf3 e6 2. c4 d5 3. e3 Nf6 4. Nc3 Nc6 5. Be2 Bb4 6. O-O O-O 7. d4 Be7 8. b3
b6 9. Bb2 Bb7 10. cxd5 exd5 11. Rc1 a6 12. Qc2 Rc8 13. Ne5 Qd6 14. Nxc6 Qxc6
15. Qf5 Qd7 16. Qxd7 Nxd7 17. Bg4 Rfd8 18. Rc2 g6 19. Rfc1 Bd6 20. Nb1 f5 21.
Be2 Nf6 22. Ba3 Bxa3 23. Nxa3 Rd7 24. Nb1 Re7 25. g3 Ne4 26. Nc3 Nf6 27. Na4
Rd8 28. Rxc7 Rxc7 29. Rxc7 Rd7 30. Rxd7 Nxd7 31. b4 b5 32. Nc5 Nxc5 33. dxc5
Kf7 34. h4 Ke7 35. Bf3 Bc6 36. Kf1 Kd7 37. Ke2 Ke6 38. Kd3 Ke5 39. Bg2 Bb7 40.
f4+ Kf6 41. Kd4 Ke6 42. Bf3 Bc6 43. g4 Bb7 44. gxf5+ gxf5 45. Bh5 Bc6 46. Bf3
Bb7 47. Bg2 Bc6 48. Bh3 Kf6 49. a3 Ke6 50. Bg2 Bb7 51. c6 Bxc6 52. Kc5 Bb7 53.
Kb6 Bc8 54. Kc7 Bd7 55. Kb6 Kd6 56. Kxa6 Kc6 57. Bf1 Bc8+ 58. Ka5 d4 59. Bg2+
Kd6 60. exd4 Bd7 61. Kb6 Be8 62. Bf1 1-0

[Event "Sparkassen-Open B"]
[Site "Heusenstamm, Martinsee"]
[Date "2018.11.24"]
[Round "4.17"]
[White "Bastian, Ben"]
[Black "Haas, Vanessa"]
[Result "1/2-1/2"]
[WhiteElo "1592"]
[BlackElo "1737"]
[PlyCount "83"]
[EventDate "2018.??.??"]
[WhiteTeam "SC Herborn"]
[BlackTeam "SC FK Babenhausen"]

1. b3 d5 2. Bb2 Nf6 3. e3 e6 4. f4 c5 5. Nf3 Nbd7 6. d3 b5 7. Nbd2 Qb6 8. c4
dxc4 9. dxc4 b4 10. Qc2 Bb7 11. Bd3 Bd6 12. Rd1 Qc7 13. Ne4 Be7 14. O-O h6 15.
Rd2 Nxe4 16. Bxe4 Nf6 17. Bxf6 Bxf6 18. Rfd1 Bxe4 19. Qxe4 Rd8 20. Rxd8+ Bxd8
21. Ne5 O-O 22. Rd7 Qb6 23. Qc6 Bf6 24. Qxb6 axb6 25. Nf3 Ra8 26. Rd2 Bc3 27.
Rc2 Rd8 28. Kf2 Kf8 29. Ke2 Ke7 30. Nd2 Bxd2 31. Rxd2 Rd6 32. e4 e5 33. Rxd6
Kxd6 34. f5 h5 35. h3 g6 36. g4 hxg4 37. hxg4 gxf5 38. gxf5 Ke7 39. Kf3 Kf6 40.
Kg4 Kg7 41. Kg5 f6+ 42. Kh5 1/2-1/2

[Event "Sparkassen-Open B"]
[Site "Heusenstamm, Martinsee"]
[Date "2018.11.24"]
[Round "4.18"]
[White "Buchholz, Maja"]
[Black "Chambers, Dominik Keith"]
[Result "1/2-1/2"]
[WhiteElo "1327"]
[BlackElo "1715"]
[PlyCount "58"]
[EventDate "2018.??.??"]
[WhiteTeam "SK Langen"]
[BlackTeam "SC Lorsch"]

1. c4 Nf6 2. Nf3 g6 3. g3 Bg7 4. Bg2 d6 5. Nc3 Nc6 6. Rb1 O-O 7. O-O e5 8. d3
Be6 9. b4 Rb8 10. a3 h6 11. Bb2 a6 12. Nd2 Nd4 13. e3 Nf5 14. Qe2 Qd7 15. Nf3
Ne7 16. Rfe1 b5 17. c5 Nfd5 18. Ne4 f5 19. cxd6 cxd6 20. Ned2 Rbc8 21. Rbc1
Rxc1 22. Rxc1 Rc8 23. Rxc8+ Qxc8 24. Nf1 Nb6 25. Ne1 Na4 26. Qd2 Nxb2 27. Qxb2
e4 28. Qb1 d5 29. d4 Qc7 1/2-1/2

[Event "Sparkassen-Open B"]
[Site "Heusenstamm, Martinsee"]
[Date "2018.11.24"]
[Round "4.19"]
[White "Müller, Maximilian"]
[Black "Westhof, Benedikt"]
[Result "1/2-1/2"]
[WhiteElo "1547"]
[BlackElo "1691"]
[PlyCount "95"]
[EventDate "2018.??.??"]
[WhiteTeam "SC Eppelborn"]
[BlackTeam "SC Heusenstamm"]

1. e4 e5 2. Nf3 Nf6 3. Nc3 Bb4 4. d3 d5 5. Bd2 Bg4 6. h3 Bxf3 7. Qxf3 d4 8. Nb1
Bxd2+ 9. Nxd2 Qe7 10. a3 c5 11. Qg3 g6 12. Nc4 Nc6 13. Be2 b5 14. Nd2 Nd7 15.
O-O O-O-O 16. f4 f5 17. Qf3 exf4 18. Rfe1 g5 19. exf5 Qe3+ 20. Qxe3 dxe3 21.
Ne4 Nd4 22. Rac1 h6 23. Nd6+ Kc7 24. Nf7 Nxf5 25. Nxd8 Rxd8 26. Bg4 Ng3 27.
Bxd7 Rxd7 28. Rcd1 e2 29. Rd2 Kd6 30. Kf2 Re7 31. c3 Kd5 32. b4 c4 33. d4 Ne4+
34. Kxe2 Nxd2+ 35. Kxd2 Rxe1 36. Kxe1 Ke4 37. Ke2 h5 38. Kd2 g4 39. hxg4 hxg4
40. Ke2 a6 41. Kf2 Kd5 42. Ke2 Ke4 43. Ke1 Kd5 44. Ke2 Ke4 45. Kf2 Kd5 46. g3
f3 47. Ke3 Ke6 48. Kf2 1/2-1/2

[Event "Sparkassen-Open B"]
[Site "Heusenstamm, Martinsee"]
[Date "2018.11.24"]
[Round "4.20"]
[White "Hofmann, Werner"]
[Black "Schulze, Tim"]
[Result "1-0"]
[WhiteElo "1685"]
[BlackElo "1228"]
[PlyCount "73"]
[EventDate "2018.??.??"]
[WhiteTeam "SV Kelsterbach"]
[BlackTeam "SC Lüneburg"]

1. d4 Nf6 2. Bf4 d5 3. e3 c5 4. c3 Nc6 5. Nd2 e6 6. Bd3 Bd6 7. Bg3 cxd4 8. exd4
O-O 9. Ngf3 Qc7 10. Qe2 b6 11. Bxd6 Qxd6 12. Ne5 Nd7 13. f4 Ndxe5 14. fxe5 Qe7
15. Qh5 g6 16. Qh6 f5 17. Nf3 Qg7 18. Qf4 Bd7 19. h4 h5 20. Rh3 Ne7 21. Rg3 Kh8
22. Ng5 Ng8 23. Nh3 Nh6 24. Qf1 Rf7 25. Nf4 Raf8 26. Nxh5 Qh7 27. Nf6 Rxf6 28.
exf6 Ng4 29. Rh3 Qh6 30. Qe2 Kg8 31. a4 a5 32. b4 Rc8 33. Bb5 Bxb5 34. Qxe6+
Kh7 35. axb5 Rf8 36. Qd7+ Kh8 37. Qg7+ 1-0

[Event "Sparkassen-Open B"]
[Site "Heusenstamm, Martinsee"]
[Date "2018.11.24"]
[Round "4.21"]
[White "Michel, Carsten"]
[Black "Zimmer, Holger"]
[Result "1-0"]
[WhiteElo "1653"]
[BlackElo "1394"]
[PlyCount "66"]
[EventDate "2018.??.??"]
[WhiteTeam "SC Flörsheim"]
[BlackTeam "SF Heidesheim"]

1. d4 e6 2. c4 f5 3. Nf3 Nf6 4. e3 d5 5. Bd3 c6 6. O-O Bd6 7. b3 O-O 8. Ba3
Bxa3 9. Nxa3 Ne4 10. Qc2 Na6 11. Bxe4 fxe4 12. Ne5 Bd7 13. f3 exf3 14. Nxf3 Be8
15. Rf2 Bg6 16. Qd2 Qe7 17. c5 b6 18. b4 bxc5 19. bxc5 Rab8 20. Raf1 Nb4 21.
Ne5 Bf5 22. Nb1 a5 23. a3 Bxb1 24. Rxf8+ Rxf8 25. Rxb1 Qh4 26. axb4 Qe4 27. Rf1
Rxf1+ 28. Kxf1 axb4 29. Qxb4 Qf5+ 30. Kg1 h6 31. Nxc6 Qd3 32. Qb8+ Kh7 33. Qf4
Qb1+ 1-0

[Event "Sparkassen-Open B"]
[Site "Heusenstamm, Martinsee"]
[Date "2018.11.24"]
[Round "4.22"]
[White "Jelinek, Stefan"]
[Black "Wohlrabe, Jörg"]
[Result "0-1"]
[WhiteElo "1318"]
[BlackElo "1772"]
[PlyCount "72"]
[EventDate "2018.??.??"]
[WhiteTeam "SC Kahl"]
[BlackTeam "SV Gifhorn"]

1. d3 e6 2. b3 Nf6 3. Bb2 Be7 4. e3 d5 5. Be2 O-O 6. Nf3 c5 7. O-O Nc6 8. Nbd2
b6 9. Ne5 Nxe5 10. Bxe5 Bb7 11. Bf3 Qc8 12. a4 a5 13. Rc1 Rd8 14. Re1 Nd7 15.
Bb2 Nb8 16. c3 Nc6 17. d4 Qd7 18. e4 cxd4 19. exd5 exd5 20. cxd4 Bg5 21. Rc2
Nb4 22. Rc3 Re8 23. Nf1 Rxe1 24. Qxe1 Re8 25. Qd1 Ba6 26. Qa1 Nd3 27. Ne3 Bxe3
28. fxe3 Rxe3 29. Ba3 Re1+ 30. Qxe1 Nxe1 31. Re3 Nxf3+ 32. gxf3 h6 33. Kg2 Qc6
34. Kg3 Qg6+ 35. Kh3 Bf1+ 36. Kh4 Qg5# 0-1

[Event "Sparkassen-Open B"]
[Site "Heusenstamm, Martinsee"]
[Date "2018.11.24"]
[Round "4.23"]
[White "Schwenk, Stefan"]
[Black "Sallwey, Rainer"]
[Result "1-0"]
[WhiteElo "1755"]
[BlackElo "1412"]
[PlyCount "61"]
[EventDate "2018.??.??"]
[WhiteTeam "SK Geisenheim"]
[BlackTeam "SK Langen"]

1. c4 c5 2. g3 Nc6 3. Bg2 Nf6 4. e3 e6 5. Nc3 Be7 6. Nge2 b6 7. O-O Bb7 8. d3
O-O 9. a3 Na5 10. e4 d6 11. Rb1 Nc6 12. b4 cxb4 13. axb4 Qc7 14. b5 Nd8 15. Ba3
Nd7 16. Qd2 a6 17. Rfc1 a5 18. Na4 Qb8 19. d4 Re8 20. c5 bxc5 21. dxc5 Nxc5 22.
Nxc5 dxc5 23. Qd7 Kf8 24. Bxc5 Bxc5 25. Rxc5 Re7 26. Qd3 f6 27. Nd4 Rc7 28. Nc6
Qc8 29. Qd6+ Kf7 30. Nxd8+ Qxd8 31. Qxc7+ 1-0

[Event "Sparkassen-Open B"]
[Site "Heusenstamm, Martinsee"]
[Date "2018.11.24"]
[Round "4.24"]
[White "Pessotschinski, Eduard"]
[Black "Michels, Fabio"]
[Result "0-1"]
[WhiteElo "1428"]
[BlackElo "1727"]
[PlyCount "62"]
[EventDate "2018.??.??"]
[WhiteTeam "TuS Makkabi"]
[BlackTeam "SG Mörsdorf-Lahr"]

1. e4 c5 2. Nc3 Nc6 3. Bc4 g6 4. f4 Bg7 5. d3 e6 6. Nf3 Nge7 7. O-O O-O 8. Bd2
d5 9. exd5 exd5 10. Bb5 a6 11. Bxc6 Nxc6 12. Rb1 b5 13. a3 Bb7 14. Re1 Nd4 15.
Nxd4 Bxd4+ 16. Kh1 Qc7 17. Ne2 Bg7 18. Qc1 Rfe8 19. f5 d4 20. fxg6 hxg6 21. Ng3
Qc6 22. Rg1 Be5 23. Be1 Kg7 24. Qg5 Bxg3 25. Qxg3 Re3 26. Qf2 Rh8 27. Rf1 f5
28. Bd2 Reh3 29. Bf4 Qd5 30. Rbe1 g5 31. Bc7 f4 0-1

[Event "Sparkassen-Open B"]
[Site "Heusenstamm, Martinsee"]
[Date "2018.11.24"]
[Round "4.26"]
[White "Fuchs, Andreas"]
[Black "Aravindan, Midhulan"]
[Result "1/2-1/2"]
[WhiteElo "1661"]
[BlackElo "1407"]
[PlyCount "89"]
[EventDate "2018.??.??"]
[WhiteTeam "SC Ober-Ramstadt"]
[BlackTeam "SV Hofheim"]

1. e4 e6 2. d4 d5 3. Nc3 Nf6 4. Bg5 Be7 5. e5 Nfd7 6. h4 h6 7. Bxe7 Qxe7 8. Nf3
a6 9. Qd2 c5 10. dxc5 Nxc5 11. O-O-O Nc6 12. g4 Bd7 13. Bg2 O-O-O 14. Rhe1 f6
15. exf6 Qxf6 16. g5 hxg5 17. hxg5 Qf5 18. Qe3 b6 19. a3 Kc7 20. b4 Nb7 21. b5
d4 22. Nxd4 Nxd4 23. Rxd4 axb5 24. Bxb7 Kxb7 25. Qe4+ Qxe4 26. Rdxe4 Rh2 27. f4
Rh3 28. Kb2 Kc6 29. Rd1 Rhh8 30. Red4 Kc7 31. Kb3 Bc6 32. Rxd8 Rxd8 33. Rxd8
Kxd8 34. Kb4 Kd7 35. Nxb5 Be4 36. c4 Kc6 37. Nd4+ Kd6 38. Kb5 Bd3 39. Nf3 Kc7
40. Ne5 Bc2 41. Nf3 Bg6 42. Nd4 Be8+ 43. Ka6 Bd7 44. Nb5+ Kc6 45. Ka7 1/2-1/2

[Event "Sparkassen-Open B"]
[Site "Heusenstamm, Martinsee"]
[Date "2018.11.24"]
[Round "4.27"]
[White "Dixon, Laura Michaela"]
[Black "Janßen, Norbert"]
[Result "1-0"]
[WhiteElo "1163"]
[BlackElo "1647"]
[PlyCount "41"]
[EventDate "2018.??.??"]
[WhiteTeam "VSG Offenbach"]
[BlackTeam "SC Breuberg"]

1. e4 e5 2. Nf3 Nc6 3. Bc4 Bc5 4. c3 Nf6 5. d4 exd4 6. e5 d5 7. Bb5 Nd7 8. cxd4
Bb4+ 9. Bd2 Bxd2+ 10. Qxd2 Ne7 11. Nc3 c6 12. Bd3 Ng6 13. O-O O-O 14. Ng5 Re8
15. f4 Ndf8 16. f5 Ne7 17. f6 Neg6 18. fxg7 Ne6 19. Nxf7 Qh4 20. Nh6+ Kxg7 21.
Nf5+ 1-0

[Event "Sparkassen-Open B"]
[Site "Heusenstamm, Martinsee"]
[Date "2018.11.24"]
[Round "4.28"]
[White "Firinci, Erdem"]
[Black "Ilievski, Kosto"]
[Result "1/2-1/2"]
[WhiteElo "1645"]
[BlackElo "1387"]
[PlyCount "66"]
[EventDate "2018.??.??"]
[WhiteTeam "SF Heusenstamm"]
[BlackTeam "SC Groß-Zimmern"]

1. e4 c6 2. Nc3 d5 3. exd5 cxd5 4. d4 Bf5 5. Nf3 e6 6. a3 Nf6 7. Bg5 Be7 8.
Bb5+ Nbd7 9. Ne5 a6 10. Bxd7+ Nxd7 11. Bxe7 Qxe7 12. Nxd7 Qxd7 13. O-O b5 14.
Rc1 O-O 15. Re1 Rac8 16. Qd2 Rc4 17. Ne2 Rfc8 18. c3 a5 19. h3 h6 20. Ng3 Bg6
21. Ne2 Qd6 22. f4 Be4 23. Ng3 f5 24. Qe3 g6 25. Nf1 Qe7 26. Qg3 Kh7 27. Nd2
R4c7 28. Nf3 Bxf3 29. Qxf3 b4 30. axb4 axb4 31. Qe3 bxc3 32. Rxc3 Rxc3 33. bxc3
Rc6 1/2-1/2

[Event "Sparkassen-Open B"]
[Site "Heusenstamm, Martinsee"]
[Date "2018.11.24"]
[Round "4.29"]
[White "Wiese, Frank"]
[Black "Strate, Wolfgang"]
[Result "1/2-1/2"]
[WhiteElo "1345"]
[BlackElo "1645"]
[PlyCount "92"]
[EventDate "2018.??.??"]
[WhiteTeam "SF Frankfurt"]
[BlackTeam "SC Eschbach"]

1. d4 Nf6 2. c4 e5 3. dxe5 Ng4 4. Bf4 Nc6 5. Nf3 Bb4+ 6. Nbd2 Qe7 7. e3 Ngxe5
8. Nxe5 Nxe5 9. Be2 O-O 10. O-O d6 11. Nb3 f6 12. a3 Bc5 13. Nxc5 dxc5 14. Qc2
g6 15. Qc3 Bf5 16. Rad1 Rfd8 17. Bxe5 Qxe5 18. Qxe5 fxe5 19. Bf3 Bd3 20. Bd5+
Rxd5 21. cxd5 Bxf1 22. Kxf1 e4 23. Ke2 Rd8 24. f3 exf3+ 25. gxf3 Kf7 26. f4 Kf6
27. e4 g5 28. e5+ Kf5 29. e6 Kxf4 30. Rd3 Ke5 31. Kd2 Kd6 32. Kc3 b5 33. b4 c4
34. Rd2 Rf8 35. Kd4 Rf4+ 36. Kc3 Rf3+ 37. Kd4 Rf4+ 38. Kc3 h5 39. Re2 Ke7 40.
Re5 Rf3+ 41. Kd4 c3 42. Rxg5 c2 43. Rg7+ Kd8 44. Rg8+ Ke7 45. Rg7+ Kd8 46. Rg8+
Ke7 1/2-1/2

[Event "Sparkassen-Open B"]
[Site "Heusenstamm, Martinsee"]
[Date "2018.11.24"]
[Round "4.30"]
[White "Bär, Christian"]
[Black "Gnandt, Michael"]
[Result "1/2-1/2"]
[WhiteElo "1631"]
[BlackElo "1316"]
[PlyCount "77"]
[EventDate "2018.??.??"]
[WhiteTeam "SC Steinbach"]
[BlackTeam "SV Steinhausen"]

1. e4 e5 2. Nc3 Nf6 3. g3 Bc5 4. Bg2 a6 5. Nge2 d6 6. O-O Bg4 7. h3 Bh5 8. d3
Nc6 9. g4 Bg6 10. Kh2 h6 11. f4 exf4 12. Nxf4 O-O 13. Nxg6 fxg6 14. Bf4 Rb8 15.
Qd2 Nxg4+ 16. hxg4 Qh4+ 17. Bh3 Ne5 18. Qg2 Bd4 19. Bg3 Nxg4+ 20. Kh1 Qh5 21.
Nd5 Rxf1+ 22. Rxf1 Bxb2 23. Bxd6 Ne3 24. Nxe3 cxd6 25. Nd5 g5 26. c3 Rd8 27.
Kh2 g4 28. Qxg4 Qe5+ 29. Qg3 Bxc3 30. Nxc3 Qxc3 31. Bf5 Qe5 32. Bg6 b5 33. Qxe5
dxe5 34. Rc1 Kf8 35. Rc6 a5 36. Rc5 Rxd3 37. Rxb5 Rd2+ 38. Kg3 Rxa2 39. Rxe5
1/2-1/2

[Event "Sparkassen-Open B"]
[Site "Heusenstamm, Martinsee"]
[Date "2018.11.24"]
[Round "4.31"]
[White "Schmid, Leon"]
[Black "Plötz, Hans-Jürgen"]
[Result "1-0"]
[WhiteElo "1260"]
[BlackElo "1622"]
[PlyCount "95"]
[EventDate "2018.??.??"]
[WhiteTeam "SF Heidesheim"]
[BlackTeam "SC Bad Nauheim"]

1. e4 d6 2. Nf3 Nf6 3. Nc3 e5 4. Bc4 h6 5. h3 Be7 6. O-O c6 7. d4 Nbd7 8. dxe5
dxe5 9. a3 O-O 10. Be3 Qc7 11. Qe2 b5 12. Ba2 a5 13. Rac1 b4 14. Nb1 Nxe4 15.
Bd4 Bf6 16. Qxe4 exd4 17. Nxd4 Bb7 18. c3 c5 19. Nb5 Qb6 20. Qd3 Ne5 21. Qe2
Rfe8 22. Kh1 Rad8 23. Rcd1 c4 24. Rxd8 Rxd8 25. Bxc4 Nxc4 26. Qxc4 a4 27. Qxb4
Ba6 28. c4 Qc6 29. Qxa4 Bxb2 30. N1c3 Rd3 31. Qc2 Rxh3+ 32. Kg1 Bxc3 33. gxh3
Qxc4 34. Qxc3 Qxb5 35. Rc1 Qg5+ 36. Kh2 Bb7 37. Rg1 Qf4+ 38. Qg3 Qxg3+ 39. fxg3
g6 40. a4 Kg7 41. a5 f5 42. Rc1 Ba6 43. Rc6 Bd3 44. a6 Be4 45. Rb6 g5 46. Rb8
f4 47. gxf4 gxf4 48. a7 1-0

[Event "Sparkassen-Open B"]
[Site "Heusenstamm, Martinsee"]
[Date "2018.11.24"]
[Round "4.32"]
[White "Traut, Stefan"]
[Black "Plaumann, Arvin"]
[Result "1/2-1/2"]
[WhiteElo "1601"]
[BlackElo "1338"]
[PlyCount "85"]
[EventDate "2018.??.??"]
[WhiteTeam "SF Heusenstamm"]
[BlackTeam "SF Heidesheim"]

1. d4 d5 2. Nf3 Nc6 3. e3 a6 4. c4 dxc4 5. Bxc4 Bf5 6. Nc3 Nb4 7. e4 Bg6 8. a3
Nc6 9. Be3 Nf6 10. Bd3 e6 11. h3 Qd7 12. Qc2 Be7 13. g4 h5 14. g5 Nh7 15. h4 b5
16. Nxb5 axb5 17. Bxb5 Bb4+ 18. Ke2 Bc5 19. dxc5 O-O 20. Rhd1 Qc8 21. Nd4 Nxd4+
22. Bxd4 Qb7 23. Bd3 c6 24. b4 f6 25. gxf6 Nxf6 26. e5 Bxd3+ 27. Qxd3 Nd5 28.
Be3 Qf7 29. Rf1 Qf3+ 30. Ke1 Nxb4 31. Qd1 Qxd1+ 32. Kxd1 Rad8+ 33. Ke2 Nc2 34.
Ra2 Nxe3 35. Kxe3 Rd5 36. f4 Rxc5 37. Kd4 Ra5 38. Rf3 Rd8+ 39. Kc4 Kf7 40. a4
c5 41. Rd3 Rxd3 42. Kxd3 Kg6 43. Ke4 1/2-1/2